කුවේණි/

Saved in:
Bibliographic Details
Main Author: ජයසේන, හෙන්රි
Format: Book
Language:English
Sinhalese
Published: කොළඔ: ගොඩගේ ප්‍රකාශන, 1964.
Subjects:
Tags: Add Tag
No Tags, Be the first to tag this record!

MARC

LEADER 00000nam a22000007a 4500
008 251021b |||||||| |||| 00| 0 eng d
020 |a 9789553015464 
041 |h sin 
082 |a 891.482 
100 |a ජයසේන, හෙන්රි 
245 |a කුවේණි/ 
260 |a කොළඔ:  |b ගොඩගේ ප්‍රකාශන,  |c 1964. 
300 |a පි.55:  |c සෙ.මි.20 
650 0 |a නාට්‍ය 
942 |c BK 
999 |c 26827  |d 26827